000 00293nam a22001337a 4500
008 181019b xxu||||| |||| 00| 0 eng d
020 _a9780415133296
041 _aeng
080 _a159.9
100 _a48
101 _aPSI
245 _aIndividual Learners
_cCrozier,W.R
942 _2udc
_cBK
999 _c50192
_d50192